| 000 | 00495nam a2200133Ia 4500 | ||
|---|---|---|---|
| 008 | 160809s9999 xx 000 0 und d | ||
| 100 | _aPi, Chia-Tai. | ||
| 245 | _aEffect of Employee Work Stress, Work Satisfaction and Work Values on Organizational Commitment | ||
| 245 | _cChia-Tai Pi, Shih-Kuan Chiu and Jer-Yan Lin | ||
| 260 | _bJournal of Management and Marketing Research | ||
| 260 | _c2016 | ||
| 650 | _xENTREPRENEURSHIP | ||
| 856 | _uhttp://www.scienpress.com/Upload/BEJ/Vol%205_1_3.pdf | ||
| 999 |
_c300003 _d300003 |
||